[Event "LAT President's blitz Cup"]
[Site "Riga"]
[Date "2019.01.26"]
[Round "1"]
[White "Boreisis, Vitauts"]
[Black "Kovalenko, Igor"]
[Result "0-1"]
[WhiteElo "1930"]
[BlackElo "2663"]
[PlyCount "68"]
[EventDate "2019.01.26"]
[EventType "swiss (blitz)"]
[EventRounds "13"]
[EventCountry "LAT"]
[SourceTitle "CBM 188 Extra"]
[Source "ChessBase"]
[SourceDate "2019.02.26"]
[SourceVersion "1"]
[SourceVersionDate "2019.02.26"]
[SourceQuality "1"]

1. d4 d6 2. c4 Nf6 3. Nc3 g6 4. e4 Bg7 5. Be2 0-0 6. Bg5 Na6 7. Nf3 c6 8. 0-0 h6 9. Bh4 Qc7 10. Qd2 e5 11. d5 Ne8 12. Ne1 c5 13. Nd3 f5 14. f3 f4 15. Bf2 h5 16. h3 g5 17. Rfb1 Rf7 18. a3 Bf8 19. b4 b6 20. b5 Nb8 21. a4 Nd7 22. Bf1 Rg7 23. a5 Rb8 24. Nb2 Ndf6 25. axb6 axb6 26. Ra3 g4 27. fxg4 hxg4 28. hxg4 Nxg4 29. Be2 Nef6 30. Bh4 Rh7 31. Bxf6 Nxf6 32. Ncd1 Qg7 33. Nf2 Qh6 34. Nh3 Nxe4 0-1

[Event "LAT-ch"]
[Site "Riga"]
[Date "2018.05.05"]
[Round "8"]
[White "Boreisis, Vitauts"]
[Black "Brikers, Aleksandrs"]
[Result "0-1"]
[WhiteElo "1970"]
[BlackElo "1958"]
[PlyCount "50"]
[EventDate "2018.04.30"]
[EventType "swiss"]
[EventRounds "9"]
[EventCountry "LAT"]
[SourceTitle "CBM 184 Extra"]
[Source "ChessBase"]
[SourceDate "2018.06.28"]
[SourceVersion "1"]
[SourceVersionDate "2018.06.28"]
[SourceQuality "1"]

1. d4 g6 2. c4 Bg7 3. Nc3 Nf6 4. e4 d6 5. Bg5 0-0 6. Be2 c5 7. d5 a6 8. a4 Qa5 9. Qd2 Nbd7 10. Nf3 b5 11. cxb5 axb5 12. Bxb5 Nxe4 13. Nxe4 Qxb5 14. axb5 Rxa1+ 15. Ke2 Rxh1 16. Ne1 Rxh2 17. Bf4 Rh4 18. g3 Rh1 19. Kf3 Nb6 20. Kg2 Rh5 21. f3 Bh3+ 22. Kf2 Bd4+ 23. Ke2 Bd7 24. g4 Bxb5+ 25. Nd3 Rxd5 0-1

[Event "LAT-ch"]
[Site "Riga"]
[Date "2018.05.03"]
[Round "5"]
[White "Rasa, Gints"]
[Black "Boreisis, Vitauts"]
[Result "1-0"]
[WhiteElo "2187"]
[BlackElo "1970"]
[PlyCount "101"]
[EventDate "2018.04.30"]
[EventType "swiss"]
[EventRounds "9"]
[EventCountry "LAT"]
[SourceTitle "CBM 184 Extra"]
[Source "ChessBase"]
[SourceDate "2018.06.28"]
[SourceVersion "1"]
[SourceVersionDate "2018.06.28"]
[SourceQuality "1"]

1. e4 c5 2. Nf3 d6 3. c3 Nf6 4. Be2 e6 5. 0-0 Be7 6. Qc2 Qc7 7. Na3 a6 8. Nc4 b5 9. Ne3 Bb7 10. d3 Nbd7 11. h3 0-0 12. Ng4 d5 13. Nxf6+ Bxf6 14. Nh2 c4 15. Ng4 cxd3 16. Bxd3 dxe4 17. Bxe4 Bxe4 18. Qxe4 Be7 19. Bf4 Qb6 20. Ne5 Nxe5 21. Bxe5 Bd6 22. Bxd6 Qxd6 23. Rfd1 Qc7 24. a4 Rad8 25. axb5 axb5 26. Qb4 Qc6 27. Rxd8 Rxd8 28. Ra7 h6 29. Qe7 Rd1+ 30. Kh2 Qd6+ 31. Qxd6 Rxd6 32. Rb7 Rd5 33. Kg3 g6 34. Kf3 Kg7 35. Ke3 g5 36. b3 Kg6 37. c4 bxc4 38. bxc4 Rd1 39. c5 Rc1 40. Kd4 Rc2 41. Rb3 e5+ 42. Kd5 f6 43. c6 Rxf2 44. Rc3 Rd2+ 45. Ke6 Rd8 46. c7 Rc8 47. Kd7 Rxc7+ 48. Kxc7 g4 49. hxg4 Kg5 50. Kd6 e4 51. Ke6 1-0

[Event "LAT-ch"]
[Site "Riga"]
[Date "2018.05.01"]
[Round "2"]
[White "Boreisis, Vitauts"]
[Black "Stabulnieks, Klavs"]
[Result "0-1"]
[WhiteElo "1970"]
[BlackElo "2174"]
[PlyCount "160"]
[EventDate "2018.04.30"]
[EventType "swiss"]
[EventRounds "9"]
[EventCountry "LAT"]
[SourceTitle "CBM 184 Extra"]
[Source "ChessBase"]
[SourceDate "2018.06.28"]
[SourceVersion "1"]
[SourceVersionDate "2018.06.28"]
[SourceQuality "1"]

1. d4 Nf6 2. c4 g6 3. Nc3 Bg7 4. e4 d6 5. Be2 0-0 6. Bg5 c5 7. d5 a6 8. a4 Qa5 9. Qd2 Nbd7 10. Nf3 b5 11. cxb5 axb5 12. Bxb5 Ba6 13. Ra3 Qb4 14. Bxa6 Rxa6 15. 0-0 Rb8 16. Ra2 Nb6 17. Qc2 Nc4 18. Rb1 h6 19. Bc1 Ng4 20. Nd1 Nge5 21. Nd2 Na5 22. b3 Qd4 23. Bb2 Qd3 24. Qxd3 Nxd3 25. Bxg7 Kxg7 26. Nc3 Rb4 27. Kf1 f5 28. f3 Ra8 29. Ke2 Nf4+ 30. Kf2 fxe4 31. fxe4 Rf8 32. Kg1 Nd3 33. Rc2 Rf4 34. Nd1 c4 35. Rc3 Nc5 36. g3 Nxe4 37. gxf4 Nxd2 38. Rb2 Naxb3 39. Ne3 Rxa4 40. Nxc4 Rxc4 41. Rxc4 Nxc4 42. Rxb3 Kf6 43. Kf2 Nd2 44. Re3 Nc4 45. Re6+ Kf7 46. Kf3 Nb6 47. Ke4 Nd7 48. Kd4 Nc5 49. Re3 Kf6 50. Rh3 h5 51. Ra3 Nb7 52. Ra8 Nc5 53. Rf8+ Kg7 54. Ra8 Kf7 55. Ra7 Nb3+ 56. Kc4 Nd2+ 57. Kb5 Nf3 58. Ra2 Kf6 59. Kc6 Ne1 60. Ra3 Nc2 61. Ra4 Kf5 62. Kd7 Ne3 63. Rd4 Kf6 64. Rd3 Ng2 65. Rf3 h4 66. Rf2 Ne3 67. Kc6 Kf5 68. Re2 Kxf4 69. Rd2 Ke4 70. Ra2 g5 71. Kd7 Nxd5 72. Rg2 Kf5 73. Re2 g4 74. Rf2+ Ke4 75. Ke6 Nf4+ 76. Kxe7 g3 77. hxg3 hxg3 78. Ra2 d5 79. Kf6 g2 80. Ra1 Ne2 0-1

[Event "LAT-ch"]
[Site "Riga"]
[Date "2018.05.01"]
[Round "3"]
[White "Petersons, Ojars"]
[Black "Boreisis, Vitauts"]
[Result "0-1"]
[WhiteElo "1719"]
[BlackElo "1970"]
[PlyCount "136"]
[EventDate "2018.04.30"]
[EventType "swiss"]
[EventRounds "9"]
[EventCountry "LAT"]
[SourceTitle "CBM 184 Extra"]
[Source "ChessBase"]
[SourceDate "2018.06.28"]
[SourceVersion "1"]
[SourceVersionDate "2018.06.28"]
[SourceQuality "1"]

1. e4 c5 2. c4 d6 3. Nc3 Nc6 4. g3 g6 5. Bg2 Bg7 6. Nge2 e6 7. 0-0 Nge7 8. d3 0-0 9. Rb1 b6 10. Be3 Bb7 11. d4 cxd4 12. Nxd4 a6 13. h3 Ne5 14. b3 Rc8 15. f4 Nd7 16. Rc1 Qc7 17. Qe2 Qb8 18. Rfd1 Rfd8 19. Qf2 Qa8 20. Nde2 Nc5 21. g4 b5 22. Bxc5 Rxc5 23. Rxd6 Rcc8 24. Rxd8+ Rxd8 25. cxb5 axb5 26. e5 b4 27. Bxb7 Qxb7 28. Na4 Rd2 29. Qe3 Rxa2 30. Nc5 Qa7 31. Qf2 Nd5 32. Nd3 Qa6 33. Rc4 Bf8 34. Ndc1 Ra1 35. Kh2 Qb7 36. Qd4 Ra3 37. h4 Be7 38. h5 Bd8 39. Qc5 Ra8 40. Qc6 Qxc6 41. Rxc6 gxh5 42. gxh5 Kg7 43. Kh3 Ra3 44. Kg4 Ne3+ 45. Kf3 Nf5 46. Kg4 Bh4 47. Rc7 Be1 48. Rc8 Bd2 49. Kg5 h6+ 50. Kg4 Ra1 51. Kf3 Rb1 52. Rc4 Ne7 53. Rc2 Bxc1 54. Nxc1 Nd5 55. Rc8 Nc3 56. Nd3 Rxb3 57. Rb8 Nd5 58. Ke2 Rb1 59. Kd2 b3 60. Nc5 Nxf4 61. Nxb3 Nxh5 62. Kc2 Re1 63. Rb5 Nf4 64. Kd2 Re2+ 65. Kd1 Rb2 66. Ke1 Kg6 67. Nd4 Rxb5 68. Nxb5 Nd3+ 0-1